[Event "Cornella de Llobregat op"]
[Site "Cornella de Llobregat"]
[Date "2017.05.22"]
[Round "6"]
[White "Jaen Gonzalez, Diosdado"]
[Black "Gonzalez Jurado, Jesus"]
[Result "0-1"]
[WhiteElo "1942"]
[BlackElo "1929"]
[PlyCount "82"]
[EventDate "2017.04.03"]
[EventType "swiss"]
[EventRounds "7"]
[EventCountry "ESP"]
[SourceTitle "EXT 2018"]
[Source "ChessBase"]
[SourceDate "2017.10.13"]
[SourceVersion "1"]
[SourceVersionDate "2017.10.13"]
[SourceQuality "1"]

1. d4 Nf6 2. Nf3 d6 3. e3 g6 4. Be2 Bg7 5. Nc3 0-0 6. e4 e5 7. Bg5 h6 8. Be3 Nc6 9. d5 Ne7 10. h3 c5 11. dxc6 bxc6 12. 0-0 Qc7 13. Qd2 Kh7 14. Rad1 d5 15. exd5 cxd5 16. Nb5 Qb8 17. Bc5 Ne4 18. Qb4 Nxc5 19. Qxc5 Qb7 20. Nc7 Be6 21. Nxa8 Rxa8 22. Qa3 Rb8 23. b3 Nc6 24. c4 d4 25. Nd2 f5 26. c5 e4 27. Bc4 Bd7 28. Ba6 Qc7 29. b4 Nxb4 30. Rb1 Nxa6 31. Qxa6 d3 32. Rxb8 Qxb8 33. Rb1 Qf4 34. Nf1 Bd4 35. Kh1 Qxf2 36. Nh2 d2 37. Qc4 Bxc5 38. Rd1 e3 39. Nf3 e2 40. Rxd2 e1Q+ 41. Kh2 Qg3# 0-1

[Event "Cornella de Llobregat op"]
[Site "Cornella de Llobregat"]
[Date "2017.05.08"]
[Round "4"]
[White "Jaen Gonzalez, Diosdado"]
[Black "Duro Salgado, Francisco"]
[Result "1-0"]
[WhiteElo "1942"]
[BlackElo "1899"]
[PlyCount "73"]
[EventDate "2017.04.03"]
[EventType "swiss"]
[EventRounds "7"]
[EventCountry "ESP"]
[SourceTitle "EXT 2018"]
[Source "ChessBase"]
[SourceDate "2017.10.13"]
[SourceVersion "1"]
[SourceVersionDate "2017.10.13"]
[SourceQuality "1"]

1. d4 Nf6 2. Nf3 g6 3. Bf4 Bg7 4. Nc3 0-0 5. Qd2 d6 6. 0-0-0 Nbd7 7. e4 c5 8. Bh6 cxd4 9. Nxd4 Bxh6 10. Qxh6 Ng4 11. Qd2 Nc5 12. f3 Nf6 13. h4 Ne6 14. Nde2 Qb6 15. h5 Qa5 16. hxg6 fxg6 17. Kb1 Qg5 18. f4 Qg4 19. g3 Qf3 20. Bh3 Nxe4 21. Nxe4 Qxe4 22. Nc3 Qc6 23. Qh2 Rf7 24. Bg2 Qe8 25. Bd5 Rg7 26. Rde1 Kh8 27. Bxe6 Bxe6 28. Rxe6 Qf7 29. Ree1 a6 30. Ne4 Rc8 31. Ng5 Qg8 32. Qe2 Qc4 33. b3 Qb5 34. Qh2 h5 35. g4 Kg8 36. gxh5 Qf5 37. hxg6 1-0